Văn hóa dân gian vùng ven sông Bạch Đằng huyện Thuỷ Nguyên - Hải Phòng
Trình bày khái quát về các nghề cổ truyền, văn hóa ẩm thực vùng ven biển sông Bạch Đằng, Phong tục – tập quán-tín ngưỡng, di tích văn hóa – lễ hội- trò chơi dân gian, ngôn ngữ và văn học dân gian vùng ven song Bạch Đằng....
Guardado en:
| Autor principal: | |
|---|---|
| Formato: | Libro |
| Lenguaje: | Undetermined |
| Publicado: |
Hà Nội
Văn hóa Thông tin
2012
|
| Materias: | |
| Etiquetas: |
Agregar Etiqueta
Sin Etiquetas, Sea el primero en etiquetar este registro!
|
| Thư viện lưu trữ: | Trung tâm Học liệu Trường Đại học Cần Thơ |
|---|
| LEADER | 00975nam a2200205Ia 4500 | ||
|---|---|---|---|
| 001 | CTU_186266 | ||
| 008 | 210402s9999 xx 000 0 und d | ||
| 082 | |a 398.0959735 | ||
| 082 | |b V115 | ||
| 100 | |a Văn Duy | ||
| 245 | 0 | |a Văn hóa dân gian vùng ven sông Bạch Đằng huyện Thuỷ Nguyên - Hải Phòng | |
| 245 | 0 | |c Văn Duy, Lê Xuận Lựa | |
| 260 | |a Hà Nội | ||
| 260 | |b Văn hóa Thông tin | ||
| 260 | |c 2012 | ||
| 520 | |a Trình bày khái quát về các nghề cổ truyền, văn hóa ẩm thực vùng ven biển sông Bạch Đằng, Phong tục – tập quán-tín ngưỡng, di tích văn hóa – lễ hội- trò chơi dân gian, ngôn ngữ và văn học dân gian vùng ven song Bạch Đằng. | ||
| 650 | |a Folklore,Văn hóa dân gian | ||
| 650 | |z Vietnam,Việt Nam | ||
| 910 | |a Hải | ||
| 980 | |a Trung tâm Học liệu Trường Đại học Cần Thơ | ||